[Event "KUW-ch"]
[Site "Kuwait City"]
[Date "2024.01.27"]
[Round "5"]
[White "Alshourfaa, Hazaa"]
[Black "Alruwayeh, Talal"]
[Result "0-1"]
[WhiteElo "1701"]
[BlackElo "1407"]
[PlyCount "184"]
[EventDate "2024.01.22"]
[EventType "swiss"]
[EventRounds "9"]
[EventCountry "KUW"]
[SourceTitle "CB07_2024"]
[SourceDate "2024.02.14"]
[SourceVersion "1"]
[SourceVersionDate "2024.02.14"]
[SourceQuality "1"]

1. e4 c6 2. Nc3 d6 3. f4 e6 4. Nf3 Be7 5. d4 Nd7 6. Bd3 a6 7. 0-0 c5 8. Be3 cxd4 9. Bxd4 e5 10. fxe5 dxe5 11. Nxe5 Nxe5 12. Bxe5 Nf6 13. Nd5 Nxd5 14. exd5 Qxd5 15. Qe2 Be6 16. b3 Rc8 17. Rad1 Qa5 18. a4 Qb4 19. Bb2 Bg4 20. Qe4 Qxe4 21. Bxe4 Bxd1 22. Rxd1 0-0 23. Kf1 Rfd8 24. Bd3 g6 25. Rd2 Bf8 26. Rf2 Bg7 27. Ba3 Rd7 28. g3 Re8 29. Bb4 Bf8 30. Bd2 Bc5 31. Rf3 Rde7 32. Bc4 Rd7 33. Bd3 Kg7 34. Bc3+ Kg8 35. Bd2 Bd4 36. Kg2 Bg7 37. Kf2 h5 38. Bb4 Kh7 39. h3 f5 40. h4 Bd4+ 41. Kg2 Re3 42. Rxe3 Bxe3 43. Kf3 Bd4 44. Bd2 Be5 45. Be3 Kg7 46. Bd2 Rf7 47. Bc4 Rf6 48. Bg5 Rd6 49. Bd3 Rd4 50. Be3 Rg4 51. Bf2 f4 52. gxf4 Rxf4+ 53. Ke3 Rf6 54. Be1 Rd6 55. Bb4 Rd7 56. Kf3 Bf6 57. Be1 Rd4 58. Be4 Rd1 59. Ke2 Rd7 60. Kf3 Rf7 61. Bd5 Rf8 62. Kg2 Rc8 63. Bc4 b5 64. axb5 axb5 65. Bd3 Bc3 66. Bf2 b4 67. Kg3 Rf8 68. Be3 Be1+ 69. Kg2 Bxh4 70. Bc5 Rb8 71. Kh3 Bf6 72. Bd6 Rb6 73. Bc5 Rb7 74. Bc4 Bc3 75. Bd3 Rf7 76. Bg1 g5 77. Be2 Kh6 78. Bc5 Rf5 79. Bb6 g4+ 80. Kg2 Re5 81. Bd3 Re6 82. Bc5 Kg5 83. Bc4 Re8 84. Bf2 h4 85. Bd3 h3+ 86. Kh2 Be5+ 87. Kg1 g3 88. Bc5 Bf4 89. Kf1 Bd2 90. Be2 Kh4 91. Bd4 h2 92. Bf6+ Kh3 0-1

[Event "KUW-ch"]
[Site "Kuwait"]
[Date "2022.01.08"]
[Round "9"]
[White "Al Suwailem, Othman Mohammad"]
[Black "Alshourfaa, Hazaa"]
[Result "0-1"]
[WhiteElo "1402"]
[BlackElo "1748"]
[PlyCount "48"]
[EventDate "2022.01.03"]
[EventType "swiss"]
[EventRounds "9"]
[EventCountry "KUW"]
[SourceTitle "CBM 206 Extra"]
[Source "ChessBase"]
[SourceDate "2022.03.31"]
[SourceVersion "1"]
[SourceVersionDate "2022.03.31"]
[SourceQuality "1"]

1. c4 e5 2. Nc3 Nc6 3. g3 g6 4. Bg2 Bg7 5. d3 Nge7 6. Nf3 0-0 7. 0-0 d6 8. Bg5 h6 9. Bxe7 Qxe7 10. Qd2 Rb8 11. e4 Be6 12. b3 Qd7 13. Nd5 f5 14. Bh3 fxe4 15. Bxe6+ Qxe6 16. Ne1 Nd4 17. dxe4 c6 18. Nc3 Rf6 19. Kg2 Rf7 20. f3 Rbf8 21. Ne2 d5 22. Qd3 dxe4 23. Qxe4 Nxe2 24. Qxe2 e4 0-1

[Event "KUW-ch"]
[Site "Kuwait"]
[Date "2019.01.19"]
[Round "3"]
[White "Alsharhan, Musaed"]
[Black "Alshourfaa, Hazaa"]
[Result "0-1"]
[WhiteElo "1701"]
[BlackElo "1768"]
[PlyCount "122"]
[EventDate "2019.01.17"]
[EventType "tourn"]
[EventRounds "9"]
[EventCountry "KUW"]
[SourceTitle "CBM 188 Extra"]
[Source "ChessBase"]
[SourceDate "2019.02.26"]
[SourceVersion "1"]
[SourceVersionDate "2019.02.26"]
[SourceQuality "1"]

1. e4 e6 2. d4 d5 3. e5 c5 4. Nf3 Nc6 5. Bd3 Nge7 6. 0-0 Ng6 7. Re1 Be7 8. a3 cxd4 9. b4 f6 10. Bxg6+ hxg6 11. b5 Nxe5 12. Nxe5 fxe5 13. c3 Bc5 14. Qg4 Qf6 15. cxd4 Bxd4 16. Ra2 Qf5 17. Qxf5 gxf5 18. Bb2 Bxb2 19. Rxb2 e4 20. Rc2 Kd7 21. Rec1 Kd6 22. Rc7 Rg8 23. a4 Rb8 24. a5 Bd7 25. b6 axb6 26. axb6 Rbc8 27. Na3 Rxc7 28. Rxc7 Rc8 29. Nb5+ Ke7 30. Na7 Rb8 31. Kf1 Kd6 32. g3 d4 33. Ke2 e5 34. h4 f4 35. gxf4 exf4 36. Kd2 g6 37. Ke1 e3 38. fxe3 fxe3 39. Ke2 Bg4+ 40. Kd3 e2 41. Rc1 Re8 42. Nb5+ Ke5 43. Re1 Rf8 44. Kc2 Rf1 45. Kd2 Rxe1 46. Kxe1 Kd5 47. Kd2 Kc5 48. Na3 Kxb6 49. Nc2 Kc5 50. Ne1 Bh5 51. Nd3+ Kd5 52. Nf4+ Ke4 53. Ne6 b5 54. Nc5+ Kf3 55. Nd3 Kg2 56. Nf4+ Kf1 57. Nd3 b4 58. Ne1 b3 59. Nd3 b2 60. Ne1 b1Q 61. Nf3 e1Q+ 0-1

[Event "Olympiad-43"]
[Site "Batumi"]
[Date "2018.09.27"]
[Round "4.81"]
[White "Raimbert, Ronald"]
[Black "Alshourfaa, Hazaa"]
[Result "1-0"]
[WhiteElo "1747"]
[BlackElo "1783"]
[PlyCount "111"]
[EventDate "2018.09.24"]
[EventType "team-swiss"]
[EventRounds "11"]
[EventCountry "GEO"]
[SourceTitle "CBM 187"]
[Source "ChessBase"]
[SourceDate "2018.12.11"]
[SourceVersion "1"]
[SourceVersionDate "2018.12.11"]
[SourceQuality "1"]
[WhiteTeam "Mauritius"]
[BlackTeam "Kuwait"]
[WhiteTeamCountry "MRI"]
[BlackTeamCountry "KUW"]

1. d4 d5 2. c4 c6 3. Nf3 Nf6 4. Nc3 a6 5. cxd5 cxd5 6. e3 Bg4 7. h3 Bf5 8. Qa4+ Nc6 9. Be2 e6 10. Ne5 Rc8 11. Nxc6 bxc6 12. Bxa6 Rc7 13. Bd2 Bd6 14. 0-0 0-0 15. b4 Qa8 16. Be2 Ra7 17. Qb3 Rb8 18. b5 e5 19. a4 Bd7 20. Rab1 exd4 21. exd4 Qb7 22. b6 Raa8 23. Be3 Be6 24. Qc2 Qd7 25. f4 Ne4 26. Nxe4 dxe4 27. g4 f5 28. g5 h6 29. gxh6 gxh6 30. Kh1 Kh7 31. Rg1 Qe8 32. Qc3 Bd5 33. a5 Qe7 34. Rbf1 Qh4 35. Kh2 Rg8 36. Rxg8 Rxg8 37. Qe1 Qd8 38. Rg1 Rxg1 39. Qxg1 Bb4 40. Bh5 Bxa5 41. Qg6+ Kh8 42. b7 Qf8 43. Qe8 Qxe8 44. Bxe8 Bc7 45. Bd7 Kg7 46. Bxf5 Kf6 47. Bc8 Kg6 48. Kg3 h5 49. Kf2 Kf6 50. Bd2 Ke7 51. Bb4+ Kf6 52. Ba5 Bb8 53. Bd8+ Kf7 54. Ke3 Kg6 55. f5+ Kf7 56. Bg5 1-0

[Event "Olympiad-43"]
[Site "Batumi"]
[Date "2018.09.24"]
[Round "1.59"]
[White "Alshourfaa, Hazaa"]
[Black "Martinez Romero, Martin"]
[Result "0-1"]
[WhiteElo "1783"]
[BlackElo "2438"]
[PlyCount "48"]
[EventDate "2018.09.24"]
[EventType "team-swiss"]
[EventRounds "11"]
[EventCountry "GEO"]
[SourceTitle "CBM 187"]
[Source "ChessBase"]
[SourceDate "2018.12.11"]
[SourceVersion "1"]
[SourceVersionDate "2018.12.11"]
[SourceQuality "1"]
[WhiteTeam "Kuwait"]
[BlackTeam "Colombia"]
[WhiteTeamCountry "KUW"]
[BlackTeamCountry "COL"]

1. e4 d6 2. Nc3 Nf6 3. Bc4 c6 4. d3 d5 5. exd5 cxd5 6. Bb3 Nc6 7. h3 e6 8. Nge2 Be7 9. 0-0 0-0 10. a3 b6 11. Bg5 Bb7 12. Ng3 Rc8 13. Re1 Nd4 14. Ba2 Nxc2 15. Qxc2 d4 16. Bb3 dxc3 17. bxc3 h6 18. Bc1 Nd5 19. Bd2 Qc7 20. Rec1 Rfd8 21. d4 Nf4 22. Re1 Nxg2 23. Re5 Nh4 24. Re3 Bg5 0-1

[Event "World Amateur-ch U2000"]
[Site "Cagliari"]
[Date "2018.04.23"]
[Round "2"]
[White "Musallam Salim, Al Aamri"]
[Black "Alshourfaa, Hazaa"]
[Result "1-0"]
[WhiteElo "1710"]
[BlackElo "1790"]
[PlyCount "105"]
[EventDate "2018.04.22"]
[EventType "swiss"]
[EventRounds "9"]
[EventCountry "ITA"]
[SourceTitle "CBM 184 Extra"]
[Source "ChessBase"]
[SourceDate "2018.06.28"]
[SourceVersion "1"]
[SourceVersionDate "2018.06.28"]
[SourceQuality "1"]

1. e4 Nc6 2. d4 e5 3. Nf3 exd4 4. c3 dxc3 5. Nxc3 d6 6. Bc4 Be6 7. Bxe6 fxe6 8. Qb3 Qd7 9. Be3 0-0-0 10. 0-0 h6 11. Rac1 Nge7 12. Nb5 Kb8 13. Rfd1 Rc8 14. Qa4 a6 15. Nbd4 Rd8 16. Nxc6+ Nxc6 17. Nd4 Nxd4 18. Qxd4 b6 19. a4 Kb7 20. a5 c5 21. Qc3 Be7 22. axb6 Bf6 23. Qb3 Qb5 24. Qxe6 Rhe8 25. Qd5+ Qc6 26. Qxc6+ Kxc6 27. b4 Re5 28. bxc5 dxc5 29. Rxd8 Bxd8 30. Bd4 Rxe4 31. Bxc5 Kb7 32. Be3 Bxb6 33. Rb1 Re6 34. Bd4 g6 35. Be3 h5 36. Kf1 a5 37. Ke2 Ka6 38. Kd3 Bxe3 39. fxe3 a4 40. e4 Ka5 41. Kd4 a3 42. Kd5 Rb6 43. Ra1 Ka4 44. e5 Rb2 45. e6 Re2 46. Kd6 Rd2+ 47. Kc7 Re2 48. Kd7 Rd2+ 49. Ke8 Re2 50. e7 a2 51. Kf7 Rf2+ 52. Kg7 Re2 53. Rxa2+ 1-0

[Event "KUW-ch final"]
[Site "Kuwait"]
[Date "2018.01.18"]
[Round "8"]
[White "Maqseed, Nasser"]
[Black "Alshourfaa, Hazaa"]
[Result "0-1"]
[WhiteElo "1899"]
[BlackElo "1832"]
[PlyCount "116"]
[EventDate "2018.01.09"]
[EventType "tourn"]
[EventRounds "9"]
[EventCountry "KUW"]
[SourceTitle "EXT 2019"]
[Source "ChessBase"]
[SourceDate "2018.10.10"]
[SourceVersion "1"]
[SourceVersionDate "2018.10.10"]
[SourceQuality "1"]

1. d4 d5 2. c4 Nc6 3. e3 e5 4. dxe5 d4 5. a3 a5 6. Nf3 Bc5 7. exd4 Nxd4 8. Nxd4 Qxd4 9. Qxd4 Bxd4 10. f4 f6 11. exf6 Nxf6 12. Be2 0-0 13. Nd2 Bf5 14. Nf3 Bc5 15. Ne5 Rfe8 16. Kf1 Rad8 17. g4 Be4 18. Rg1 Bxg1 19. Kxg1 Nd7 20. Nxd7 Rxd7 21. Kf2 Bd3 22. Bf3 Bxc4 23. Be3 Bd5 24. Rd1 c6 25. Bb6 Ree7 26. Bxa5 Bxf3 27. Rxd7 Rxd7 28. Kxf3 Rd3+ 29. Kf2 g6 30. Bc3 Kf7 31. Kg2 Ke6 32. h4 h5 33. f5+ gxf5 34. gxh5 Kf7 35. h6 Kg6 36. Bg7 b5 37. Kh2 f4 38. Kg2 Rg3+ 39. Kh2 Kh7 40. Be5 Rg4 41. Bd4 Kxh6 42. Kh3 Kh5 43. Bf2 Rg6 44. Bd4 Rg3+ 45. Kh2 Kg4 46. Bf2 Rb3 47. Bd4 Rd3 48. Bf6 f3 49. h5 Rd2+ 50. Kg1 Kxh5 51. Bc3 Re2 52. Kf1 Kg4 53. Bg7 Kf4 54. Bh6+ Ke4 55. Bg7 Kd3 56. Bc3 Kc2 57. Bf6 Kb3 58. Bd4 Rxb2 0-1

[Event "KUW-ch"]
[Site "Kuwait"]
[Date "2017.08.09"]
[Round "6"]
[White "Alshourfaa, Hazaa"]
[Black "Alothman, Abdul Wahab"]
[Result "0-1"]
[WhiteElo "1848"]
[BlackElo "2047"]
[PlyCount "78"]
[EventDate "2017.08.02"]
[EventType "tourn"]
[EventRounds "7"]
[EventCountry "KUW"]
[SourceTitle "CBM 180 Extra"]
[Source "ChessBase"]
[SourceDate "2017.10.06"]
[SourceVersion "1"]
[SourceVersionDate "2017.10.06"]
[SourceQuality "1"]

1. e4 e6 2. d4 d5 3. Nc3 Be7 4. e5 c5 5. f4 Nh6 6. Be3 Nf5 7. Bf2 Qb6 8. Nf3 Nc6 9. Na4 Qa5+ 10. c3 cxd4 11. Nxd4 Ncxd4 12. Bxd4 Nxd4 13. Qxd4 Bd7 14. b3 Rc8 15. Kd2 b5 16. Nb2 Rxc3 17. Kd1 Bc5 18. Qd2 Be3 19. b4 Qxb4 20. Qe2 Qd4+ 21. Ke1 Bxf4 22. Nd1 Ra3 23. Rb1 0-0 24. Rb3 Rxb3 25. axb3 Rc8 26. g3 Bxe5 27. Qd3 Qxd3 28. Bxd3 a5 29. Kd2 a4 30. Re1 f6 31. bxa4 bxa4 32. Re2 a3 33. Bb1 Ba4 34. Re3 Bxd1 35. Kxd1 Bb2 36. Ba2 Kf7 37. h3 Rc1+ 38. Kd2 Ra1 39. Bb3 Bc1+ 0-1

[Event "KUW-ch"]
[Site "Kuwait"]
[Date "2017.08.03"]
[Round "2"]
[White "Alshourfaa, Hazaa"]
[Black "Maqseed, Nasser"]
[Result "0-1"]
[WhiteElo "1848"]
[BlackElo "1894"]
[PlyCount "70"]
[EventDate "2017.08.02"]
[EventType "tourn"]
[EventRounds "7"]
[EventCountry "KUW"]
[SourceTitle "CBM 180 Extra"]
[Source "ChessBase"]
[SourceDate "2017.10.06"]
[SourceVersion "1"]
[SourceVersionDate "2017.10.06"]
[SourceQuality "1"]

1. e4 d5 2. exd5 Qxd5 3. Nc3 Qd8 4. d4 Nf6 5. Nf3 Bg4 6. Be2 e6 7. 0-0 Be7 8. h3 Bh5 9. Ne5 Bxe2 10. Qxe2 c6 11. Re1 0-0 12. Be3 Nbd7 13. Rad1 Qa5 14. Bd2 Qc7 15. Bf4 Qb6 16. Bc1 Rad8 17. Rd3 Nd5 18. Nxd5 cxd5 19. Nxd7 Rxd7 20. c3 Qc7 21. Qg4 Rc8 22. h4 Kh8 23. a3 Bd6 24. f4 g6 25. h5 gxh5 26. Qxh5 Rg8 27. f5 Bf4 28. Bxf4 Qxf4 29. Rf3 Qd2 30. Qh3 Qxe1+ 31. Kh2 Qe4 32. Qh6 Qg4 33. Qf6+ Qg7 34. fxe6 fxe6 35. Qxg7+ Rdxg7 0-1

[Event "KUW-ch 1st Stage"]
[Site "Kuwait"]
[Date "2017.01.16"]
[Round "4"]
[White "Alazmi, Abdulrahman"]
[Black "Alshourfaa, Hazaa"]
[Result "0-1"]
[WhiteElo "1243"]
[BlackElo "1846"]
[PlyCount "72"]
[EventDate "2017.01.12"]
[EventType "swiss"]
[EventRounds "9"]
[EventCountry "KUW"]
[SourceTitle "CBM 176 Extra"]
[Source "ChessBase"]
[SourceDate "2017.03.02"]
[SourceVersion "1"]
[SourceVersionDate "2017.03.02"]
[SourceQuality "1"]

1. d4 d5 2. c4 c6 3. Nc3 Nf6 4. cxd5 cxd5 5. Bg5 e6 6. f3 Be7 7. e4 dxe4 8. fxe4 0-0 9. e5 Nd5 10. Bxe7 Nxe7 11. Nf3 Nbc6 12. Qd2 Nf5 13. 0-0-0 a6 14. g4 Nh4 15. Nxh4 Qxh4 16. a3 b5 17. h3 Na5 18. Kc2 Bb7 19. Bg2 Nc4 20. Qe2 Bxg2 21. Qe1 Qxe1 22. Rhxe1 Bxh3 23. g5 Rfc8 24. Kb3 Bf5 25. d5 exd5 26. Rxd5 Na5+ 27. Kb4 Nc6+ 28. Kb3 Be6 29. Ka2 Ne7 30. Red1 Rxc3 31. bxc3 Rd8 32. g6 hxg6 33. Kb2 Rxd5 34. Re1 Rd2+ 35. Ka1 Nd5 36. a4 Nxc3 0-1

[Event "Asia Cup"]
[Site "Abu Dhabi"]
[Date "2016.03.28"]
[Round "1.2"]
[White "Alshourfaa, Hazaa"]
[Black "Batchuluun, Tsegmed"]
[Result "0-1"]
[WhiteElo "1808"]
[BlackElo "2460"]
[PlyCount "98"]
[EventDate "2016.03.28"]
[EventType "team-swiss"]
[EventRounds "9"]
[EventCountry "UAE"]
[SourceTitle "CBM 171 Extra"]
[Source "ChessBase"]
[SourceDate "2016.04.26"]
[SourceVersion "1"]
[SourceVersionDate "2016.04.26"]
[SourceQuality "1"]
[WhiteTeam "Kuwait"]
[BlackTeam "Mongolia"]
[WhiteTeamCountry "KUW"]
[BlackTeamCountry "MGL"]

1. e4 e5 2. Nc3 Nf6 3. g3 d5 4. exd5 Nxd5 5. Bg2 Nxc3 6. bxc3 Bd6 7. Ne2 Nd7 8. 0-0 0-0 9. d3 f5 10. f4 Rb8 11. fxe5 Nxe5 12. Nf4 c6 13. Be3 Qa5 14. c4 Ng4 15. Bf2 Nxf2 16. Rxf2 Qc5 17. Qd2 Bd7 18. Raf1 Rbe8 19. Kh1 Re7 20. Re2 Rxe2 21. Nxe2 Re8 22. Nf4 Qd4 23. Qf2 Qxf2 24. Rxf2 Bxf4 25. Rxf4 Re1+ 26. Bf1 Rc1 27. Rd4 Be6 28. Kg2 Rxc2+ 29. Kf3 Kf7 30. h4 Ke7 31. Be2 c5 32. Rf4 Rxa2 33. Ke3 a5 34. g4 g6 35. gxf5 Bxf5 36. Bf3 b6 37. Bg4 Bxg4 38. Rxg4 Rh2 39. Re4+ Kd6 40. Rf4 h5 41. Rf6+ Kc7 42. Rf4 Kb7 43. Ke4 Rh3 44. Rf7+ Ka6 45. Kd5 Rxd3+ 46. Kc6 a4 47. Rf8 Ka5 48. Ra8+ Kb4 49. Kxb6 a3 0-1

[Event "Kuwait Amateur-ch"]
[Site "Kuwait"]
[Date "2016.01.28"]
[Round "6"]
[White "Alshourfaa, Hazaa"]
[Black "Al Azmi, Khalaf"]
[Result "0-1"]
[WhiteElo "1776"]
[BlackElo "1798"]
[PlyCount "61"]
[EventDate "2016.01.23"]
[EventType "swiss"]
[EventRounds "9"]
[EventCountry "KUW"]
[SourceTitle "CBM 170 Extra"]
[Source "ChessBase"]
[SourceDate "2016.02.25"]
[SourceVersion "1"]
[SourceVersionDate "2016.02.25"]
[SourceQuality "1"]

1. e4 e5 2. Nc3 Nf6 3. f4 d5 4. fxe5 Nxe4 5. Nf3 Bg4 6. d3 Nxc3 7. bxc3 d4 8. Bb2 Bc5 9. h3 Bxf3 10. Qxf3 Nc6 11. Qg3 0-0 12. Kd2 Re8 13. Re1 dxc3+ 14. Bxc3 Bd4 15. Bxd4 Qxd4 16. c3 Qd5 17. d4 Qxa2+ 18. Kd1 Qb3+ 19. Kc1 Nxd4 20. Qd3 Qa3+ 21. Kd1 Nb3 22. Qb1 Rad8+ 23. Bd3 Nc5 24. Re3 Qxc3 25. Ke2 Nxd3 26. Rd1 Qb2+ 27. Qxb2 Nxb2 28. Rb1 Nc4 29. Rc3 Rxe5+ 30. Kf2 Nd2 31. Rb4 0-1